000
00310nam a2200121Ia 4500
008
150731s2009 xx 000 0 und d
082
_a
618.2
_b
R 09 R
100
_a
RAO,MARTHA BHASKAR
245
_a
RECENT ADVANCES IN KSARASUTRA
260
_b
CHAUKHAMBHA PUB. NEW DELHI
_c
2009
300
_a
357
942
_2
ddc
_c
BK
999
_c
7755
_d
7755